| 000 | 01685nam a2200241 a 4500 | ||
|---|---|---|---|
| 008 | 120515t2012 ag a|||g |||| 001 0 spa d | ||
| 020 | _aS/N | ||
| 041 | _aspa | ||
| 092 |
_c344 _l54 _sMUÑ |
||
| 100 | 1 |
_aMuñoz Villagran, Jorge L. _eCoord. _93526 |
|
| 245 |
_aPedagogía política en Don Jaime de Nevares / _cJorge L. Muñoz Villagran |
||
| 250 | _a2a ed. | ||
| 260 |
_aNeuquén [Neuquén ; Argentina]: _bKuruf ; EDUCO; _c2012. |
||
| 300 |
_a311 p. _bil. |
||
| 500 | _aMuñoz Villagran, J. (Coord.). (2012). Pedagogía política de Don Jaime de Nevares. (2a ed.). Neuquén : EDUCO. | ||
| 505 | _aEn la larga historia de Jaime de Nevares en Neuquén podemos encontrar ideas y prácticas sobre las cuales ir avanzando y discutiendo, en procura de una forma de hacer política que difiera de los que comúnmente se asume hoy como "actividad política". A partir de algunas de las posturas ideológicas y actos de De Nevares se puede pretender una acción política sincera, confiada, de base popular, coherente en el tiempo y las situaciones, a la vez que responsable y liberadora. Un recorrido por las ideas, discurso y prácticas políticas en la vida de Don Jaime permite revalorizar y hacer querible una de las actividades más nobles en el ser humano, el servicio público... es decir, la política. | ||
| 653 | _aCapitulo I: Pedagogía Política en Don Jaime | ||
| 653 | _aCapitulo II: Don Jaime, la universidad Nacional del Comahue y el "norte neuquino" | ||
| 653 | _aCapitulo III: Don Jaime y los chilenos en Neuquén | ||
| 653 | _aCapitulo IV: Don Jaime en nuestros historiadores | ||
| 653 | _aBreve reseña de la vida de Jaime Francisco de Nevares | ||
| 942 |
_2ddc _cBK |
||
| 999 |
_c2150 _d2150 |
||